00886nam a22002537a 450000500170000001000130001702000220003003500130005203700160006504000120008108200180009310000290011124500750014026000480021527000470026330000280031050000510033865000230038965000270041270000220043994200270046199900190048895201250050720170124110006.0 aA-759182 c00.00a8171007120 aA-759182 bCen Lib/Ret aDPLbEN a362.8292bMAH aMahajan, Amarjit 916830 aFamily violence and abuse in india /cby Amarjit Mahajan and Madhurima aNew Delhi bDeep & Deep Publications c1995 bNew Delhi aF-159, rajouri garden e110027 aviii, 181p. :c21cm(Hb) aIncludes bibliographical references and index  aWife abuse 916831 aHuman behavior 916832 aMadhurima 916833 2ddccENh362.8292mMAH c126177d126177 00104070aLbLd2015-06-24eCen Lib/Retg0.00l0o362.8292 MAHpA-759182r2015-06-24 00:00:00t1v0.00w2015-06-24yEN